000 00751cam a2200217 i 4500
005 20260202112455.0
008 250721s2003 jo gr 000 0 ara d
020 _a9957113232
082 1 4 _a371.912
_bز ر ي
100 1 _aالزريقات، ايراهيم عبدالله فرج
_eمؤلف.
245 1 2 _aالإعاقة السمعية /
_cالدكتور إبراهيم عبد الله فرج الزريقات.
246 1 1 _aHearing Impairment
250 _aالطبعة الأولى.
264 3 1 _aعمان :
_bدار وائل للنشر،
_c2003.
300 _a356 صفحة.
650 1 7 _aالتربية الخاصة.
650 1 7 _aالصم.
650 1 7 _aالمعوقون.
942 _2ddc
_cBK
999 _c88932
_d88932